=LDR 00000nam 2200000 4500 =001 NUTBA000000000005561 =005 20141103141405.0 =006 =007 =008 =035 ##$$a 0010-111400000000040 =040 ##$$a NBPDMAT =082 ##$$a 372.5 =090 ##$$a 372.5 $b Dew l =100 ##$$a Dewi Puspita Sari =245 ##$$aLKS Utama Seni Budaya dan Keerampilan untuk SD kelas 3 semeser 1/ $c Dewi Puspita Sari =250 ##$$a Cet.1 =260 ##$$a Jakarta : $b Pustaka Widya Utama, $c 2010 =300 ##$$a 80 hlm. : $b ilus. ; $c 29 cm. =650 ##$$a Seni dan Keterampilan - SD =850 ##$$a NBPDMAT